| 000 | 00487nam a2200157 i 4500 | ||
|---|---|---|---|
| 001 | 99901 | ||
| 003 | ES-MaACL | ||
| 005 | 20230906182555.0 | ||
| 007 | t| | ||
| 008 | 050919s1972 sp ||||1| spa d | ||
| 100 | 1 |
_aMartínez Pérez, Juan Antonio. _978330 |
|
| 245 | 1 | 0 |
_aJosé Antonio, vocación política de nuestro tiempo / _cJuan Antonio Martínez Pérez. |
| 260 |
_aLa Coruña : _b[s.n.], _c1972 ( _fGrafinsa) |
||
| 300 |
_a210 p. ; _c25 cm. |
||
| 852 |
_aES-MaACL _jC-43453 _bR.81005 |
||
| 999 |
_c99901 _d99901 |
||